LEADER 01677oam 2200469M 450 001 9910716701403321 005 20210706140311.0 035 $a(CKB)5470000002523147 035 $a(OCoLC)1065624072 035 $a(OCoLC)995470000002523147 035 $a(EXLCZ)995470000002523147 100 $a20071213d1926 ua 0 101 0 $aeng 135 $aurcn||||||||| 181 $ctxt$2rdacontent 182 $cc$2rdamedia 183 $acr$2rdacarrier 200 10$aAdaline White. April 22, 1926. -- Committed to the Committee of the Whole House and ordered to be printed 210 1$a[Washington, D.C.] :$c[U.S. Government Printing Office],$d1926. 215 $a1 online resource (12 pages) 225 1 $aHouse report / 69th Congress, 1st session. House ;$vno. 947 225 1 $a[United States congressional serial set] ;$v[serial no. 8536.] 300 $aBatch processed record: Metadata reviewed, not verified. Some fields updated by batch processes. 300 $aFDLP item number not assigned. 606 $aClaims 606 $aSurvivors' benefits 606 $aWar risk insurance 606 $aWorld War, 1914-1918 608 $aLegislative materials.$2lcgft 615 0$aClaims. 615 0$aSurvivors' benefits. 615 0$aWar risk insurance. 615 0$aWorld War, 1914-1918. 701 $aCarpenter$b Edmund Nelson$f1865-1952$pRepublican (PA)$01389402 801 0$bWYU 801 1$bWYU 801 2$bOCLCO 801 2$bOCLCQ 906 $aBOOK 912 $a9910716701403321 996 $aAdaline White. April 22, 1926. -- Committed to the Committee of the Whole House and ordered to be printed$93526403 997 $aUNINA LEADER 01506nam 2200457 450 001 9910808993803321 005 20230809215411.0 010 $a1-4674-4213-5 035 $a(CKB)3710000000470709 035 $a(SSID)ssj0001545284 035 $a(PQKBManifestationID)16136179 035 $a(PQKBTitleCode)TC0001545284 035 $a(PQKBWorkID)14701044 035 $a(PQKB)10893682 035 $a(MiAaPQ)EBC4859191 035 $a(EXLCZ)993710000000470709 100 $a20170619h20142014 uy 0 101 0 $aeng 135 $aurcnu|||||||| 181 $ctxt 182 $cc 183 $acr 200 10$aWay below the angels $ethe pretty clearly troubled but not even close to tragic confessions of a real live Mormon missionary /$fCraig Harline 210 1$aGrand Rapids, Michigan ;$aCambridge, [England] :$cWilliam B. Eerdmans Publishing Company,$d2014. 210 4$dİ2014 215 $a1 online resource (236 pages) 300 $aBibliographic Level Mode of Issuance: Monograph 311 $a0-8028-7150-X 606 $aLatter Day Saint missionaries$zUnited States$vBiography 606 $aLatter Day Saint missionaries$zBelgium$vBiography 615 0$aLatter Day Saint missionaries 615 0$aLatter Day Saint missionaries 676 $a266/.93092 700 $aHarline$b Craig$01607122 801 0$bMiAaPQ 801 1$bMiAaPQ 801 2$bMiAaPQ 906 $aBOOK 912 $a9910808993803321 996 $aWay below the angels$94116217 997 $aUNINA